<?xml version="1.0" encoding="UTF-8"?>
<record
    xmlns:xsi="http://www.w3.org/2001/XMLSchema-instance"
    xsi:schemaLocation="http://www.loc.gov/MARC21/slim http://www.loc.gov/standards/marcxml/schema/MARC21slim.xsd"
    xmlns="http://www.loc.gov/MARC21/slim">

  <leader>02690cam a22004214a 4500</leader>
  <controlfield tag="001">5592792</controlfield>
  <controlfield tag="005">20210414114507.0</controlfield>
  <controlfield tag="008">050908s2006    paua     b    001 0 eng  </controlfield>
  <datafield tag="010" ind1=" " ind2=" ">
    <subfield code="a">  2005026211</subfield>
  </datafield>
  <datafield tag="016" ind1="7" ind2=" ">
    <subfield code="a">101256809</subfield>
    <subfield code="2">DNLM</subfield>
  </datafield>
  <datafield tag="020" ind1=" " ind2=" ">
    <subfield code="a">0803614470</subfield>
  </datafield>
  <datafield tag="024" ind1="3" ind2=" ">
    <subfield code="a">9780803614475</subfield>
  </datafield>
  <datafield tag="029" ind1="1" ind2=" ">
    <subfield code="a">NLM</subfield>
    <subfield code="b">101256809</subfield>
  </datafield>
  <datafield tag="035" ind1=" " ind2=" ">
    <subfield code="a">(OCoLC)ocm61518280</subfield>
  </datafield>
  <datafield tag="035" ind1=" " ind2=" ">
    <subfield code="a">(NNC)5592792</subfield>
  </datafield>
  <datafield tag="040" ind1=" " ind2=" ">
    <subfield code="a">DNLM/DLC</subfield>
    <subfield code="c">DLC</subfield>
    <subfield code="d">YDX</subfield>
    <subfield code="d">NLM</subfield>
    <subfield code="d">BAKER</subfield>
    <subfield code="d">EYE</subfield>
    <subfield code="d">OrLoB-B</subfield>
  </datafield>
  <datafield tag="042" ind1=" " ind2=" ">
    <subfield code="a">pcc</subfield>
  </datafield>
  <datafield tag="043" ind1=" " ind2=" ">
    <subfield code="a">n-us---</subfield>
  </datafield>
  <datafield tag="050" ind1="0" ind2="0">
    <subfield code="a">RT82</subfield>
    <subfield code="b">.C33 2006</subfield>
  </datafield>
  <datafield tag="060" ind1="0" ind2="0">
    <subfield code="a">2006 B-958</subfield>
  </datafield>
  <datafield tag="060" ind1="1" ind2="0">
    <subfield code="a">WY 16</subfield>
    <subfield code="b">C357n 2006</subfield>
  </datafield>
  <datafield tag="082" ind1="0" ind2="0">
    <subfield code="a">610.7306/9</subfield>
    <subfield code="2">22</subfield>
  </datafield>
  <datafield tag="100" ind1="1" ind2=" ">
    <subfield code="a">Catalano, Joseph T.</subfield>
  </datafield>
  <datafield tag="245" ind1="1" ind2="0">
    <subfield code="a">Nursing now! :</subfield>
    <subfield code="b">today's issues, tomorrow's trends. /</subfield>
    <subfield code="c">Joseph T. Catalano.</subfield>
  </datafield>
  <datafield tag="250" ind1=" " ind2=" ">
    <subfield code="a">4th ed.</subfield>
  </datafield>
  <datafield tag="260" ind1=" " ind2=" ">
    <subfield code="a">Philadelphia, PA :</subfield>
    <subfield code="b">F.A. Davis Co.,</subfield>
    <subfield code="c">c2006.</subfield>
  </datafield>
  <datafield tag="300" ind1=" " ind2=" ">
    <subfield code="a">xiii, 526 p. :</subfield>
    <subfield code="b">col. ill. ;</subfield>
    <subfield code="c">26 cm.</subfield>
  </datafield>
  <datafield tag="504" ind1=" " ind2=" ">
    <subfield code="a">Includes bibliographical references and index.</subfield>
  </datafield>
  <datafield tag="505" ind1="0" ind2="0">
    <subfield code="g">1.</subfield>
    <subfield code="t">The development of a profession -- </subfield>
    <subfield code="g">2.</subfield>
    <subfield code="t">Historical perspectives -- </subfield>
    <subfield code="g">3.</subfield>
    <subfield code="t">The evolution of licensure, certification, and nursing organizations -- </subfield>
    <subfield code="g">4.</subfield>
    <subfield code="t">Theories and models of nursing -- </subfield>
    <subfield code="g">5.</subfield>
    <subfield code="t">The process of educating nurses -- </subfield>
    <subfield code="g">6.</subfield>
    <subfield code="t">Critical thinking -- </subfield>
    <subfield code="g">7.</subfield>
    <subfield code="t">Ethics in nursing -- </subfield>
    <subfield code="g">8.</subfield>
    <subfield code="t">Bioethical issues -- </subfield>
    <subfield code="g">9.</subfield>
    <subfield code="t">Nursing law and liability -- </subfield>
    <subfield code="g">10.</subfield>
    <subfield code="t">Taking and passing tests -- </subfield>
    <subfield code="g">11.</subfield>
    <subfield code="t">NCLEX : what you need to know -- </subfield>
    <subfield code="g">12.</subfield>
    <subfield code="t">Reality shock in the workplace -- </subfield>
    <subfield code="g">13.</subfield>
    <subfield code="t">Principles of leadership and management -- </subfield>
    <subfield code="g">14.</subfield>
    <subfield code="t">Communicating successfully -- </subfield>
    <subfield code="g">15.</subfield>
    <subfield code="t">Delegation and supervision in nursing -- </subfield>
    <subfield code="g">16.</subfield>
    <subfield code="t">Collective bargaining and governance -- </subfield>
    <subfield code="g">17.</subfield>
    <subfield code="t">Health care delivery systems -- </subfield>
    <subfield code="g">18.</subfield>
    <subfield code="t">Nursing informatics -- </subfield>
    <subfield code="g">19.</subfield>
    <subfield code="t">The politically active nurse -- </subfield>
    <subfield code="g">20.</subfield>
    <subfield code="t">Spirituality and health care -- </subfield>
    <subfield code="g">21.</subfield>
    <subfield code="t">Cultural diversity -- </subfield>
    <subfield code="g">22.</subfield>
    <subfield code="t">Developments in current nursing practice -- </subfield>
    <subfield code="g">23.</subfield>
    <subfield code="t">Nursing research and evidence-based practice -- </subfield>
    <subfield code="g">24.</subfield>
    <subfield code="t">Alternative and complementary healing practices.</subfield>
  </datafield>
  <datafield tag="520" ind1="1" ind2=" ">
    <subfield code="a">"As a nursing student moving toward becoming a professional you must gain theoretical knowledge, learn clinical skills, and develop professional values. Dr. Catalano presents a wide range of pertinent topics and offers the most up-to-date coverage in this cutting-edge text. He explores the evolution and history of nursing, and examines the impact of reform, the legal system, and politics on the profession."--BOOK JACKET.</subfield>
  </datafield>
  <datafield tag="650" ind1=" " ind2="0">
    <subfield code="a">Nursing</subfield>
    <subfield code="x">Vocational guidance</subfield>
    <subfield code="z">United States.</subfield>
  </datafield>
  <datafield tag="650" ind1=" " ind2="0">
    <subfield code="a">Nursing</subfield>
    <subfield code="x">Social aspects</subfield>
    <subfield code="z">United States.</subfield>
  </datafield>
  <datafield tag="650" ind1=" " ind2="0">
    <subfield code="a">Nursing</subfield>
    <subfield code="x">Philosophy.</subfield>
  </datafield>
  <datafield tag="650" ind1="1" ind2="2">
    <subfield code="a">Nursing</subfield>
    <subfield code="x">trends.</subfield>
  </datafield>
  <datafield tag="856" ind1="4" ind2="1">
    <subfield code="3">Table of contents</subfield>
    <subfield code="u">http://www.loc.gov/catdir/toc/ecip0519/2005026211.html</subfield>
  </datafield>
  <datafield tag="900" ind1=" " ind2=" ">
    <subfield code="b">TOC</subfield>
  </datafield>
  <datafield tag="942" ind1=" " ind2=" ">
    <subfield code="2">lcc</subfield>
    <subfield code="c">BK</subfield>
  </datafield>
  <datafield tag="999" ind1=" " ind2=" ">
    <subfield code="c">5789</subfield>
    <subfield code="d">13289</subfield>
  </datafield>
  <datafield tag="952" ind1=" " ind2=" ">
    <subfield code="0">0</subfield>
    <subfield code="1">0</subfield>
    <subfield code="2">lcc</subfield>
    <subfield code="4">0</subfield>
    <subfield code="7">0</subfield>
    <subfield code="a">WIUC-1</subfield>
    <subfield code="b">WIUC-1</subfield>
    <subfield code="c">NURS L.</subfield>
    <subfield code="d">2015-10-29</subfield>
    <subfield code="l">0</subfield>
    <subfield code="o">RT82 .C33 2006</subfield>
    <subfield code="p">NURS/199/15</subfield>
    <subfield code="r">2015-10-29 00:00:00</subfield>
    <subfield code="t">1</subfield>
    <subfield code="w">2015-10-29</subfield>
    <subfield code="y">BK</subfield>
  </datafield>
</record>
